| 000 | 01346cad a22002415a 4500 | ||
|---|---|---|---|
| 001 | L147031 | ||
| 008 | 090324s2009 d f s 000 0 eng d | ||
| 035 | _a(Sirsi) u147031 | ||
| 041 | 0 | _aeng | |
| 050 | 0 | 4 | _a333.33 $2 18 |
| 110 | 2 |
_aColliers International Property Consultants _91881 |
|
| 245 | 0 | 0 |
_aGlobal office real estate review 2009 _h[electronic resource] |
| 260 |
_a[S.l.] _bColliers _c2009 |
||
| 490 | 0 |
_aColliers Global Office Real Estate Review _v2009 |
|
| 520 | _aReports that demand for office space has fallen in the second half of 2008 in almost all regions and all cities, compared to the first half of 2008. However, the impact has been the most severe in the United States, Japan and much of Europe. All regions registered higher vacancies and most registered falling rents. Office investment transaction activity levels in most regions was less than half 2007 levels. Concludes that the outlook for the rest of 2009 is a further weakening of fundamentals with little prospect of recovery until 2010 at least. | ||
| 521 | 2 | _aAdvanced | |
| 590 | _aKA NTK | ||
| 650 | 2 | 4 | _aCOLLIERS GLOBAL OFFICE REAL ESTATE REVIEW |
| 651 | 4 | _aInternational | |
| 690 | _aPROPERTY-COMMERCIAL PROPERTY-COMMERCIAL PROPERTY MARKET | ||
| 856 | 4 | 0 |
_uhttps://www.colliers.com _zView the item free of charge at www.colliers.com... |
| 942 | _n0 | ||
| 999 |
_c109413 _d109413 |
||